| 000 | 02172 am a2200661 a 4500 | ||
|---|---|---|---|
| 005 | 20240624133157.0 | ||
| 008 | 100316s2005||||mx a f |||| 001 0 spa d | ||
| 020 | _a9701038940 | ||
| 041 | _aspa | ||
| 092 |
_c540 _l11 _sCHA |
||
| 100 | 1 |
_aChang, Raymond. _9487 |
|
| 245 |
_aQuímica / _cRaymond Chang. |
||
| 250 |
_a7a ed. _bTraducción María del Carmen Ramírez Medeles y Rosa Zugazagoltia Herranz |
||
| 260 |
_aMéxico: _bMcGraw-Hill; _c2005. |
||
| 300 | _a1001 p. | ||
| 500 | _aChang, R. (2007). Química. (7a ed.). México : McGraw-Hill. | ||
| 653 | _aQuímica: el estudio de los cambios | ||
| 653 | _aAtomos, moléculas y iones | ||
| 653 | _aRelaciones de masa en las reacciones químicas | ||
| 653 | _aReacciones en disolución acuosa | ||
| 653 | _aGases | ||
| 653 | _aTermoquímica | ||
| 653 | _aTeoría cuántica y la estructura electrónica de los átomos | ||
| 653 | _aRelaciones periódicas de los elementos | ||
| 653 | _aEnlace químico I: conceptos básicos | ||
| 653 | _aEnlace químico II: geometría molecular e hibridación de orbitales atómicos | ||
| 653 | _aFuerzas intermoleculares y los líquidos y sólidos | ||
| 653 | _aPropiedades físicas de las disoluciones | ||
| 653 | _aCinética química | ||
| 653 | _aEquilibrio químico | ||
| 653 | _aAcidos y bases | ||
| 653 | _aEquilibrios ácido-base y equilibrios de solubilidad | ||
| 653 | _aQuimica de la atmósfera | ||
| 653 | _aEntropia, energía libre y equilibrio | ||
| 653 | _aElectroquímica | ||
| 653 | _aMetalurgia y química de los metales | ||
| 653 | _aElementos no metálicos y sus compuestos | ||
| 653 | _aQuímica de los metales de transición y los compuestos de coordinación | ||
| 653 | _aQuímica nuclear | ||
| 653 | _aQuímica orgánica | ||
| 653 | _aPolímeros orgánicos sintéticos y naturales | ||
| 930 | _a1399 | ||
| 930 | _a1400 | ||
| 930 | _a1401 | ||
| 930 | _a1402 | ||
| 930 | _a1403 | ||
| 930 | _a1404 | ||
| 930 | _a1405 | ||
| 930 | _a1406 | ||
| 930 | _a1407 | ||
| 930 | _a1408 | ||
| 930 | _a1409 | ||
| 930 | _a1410 | ||
| 930 | _a1411 | ||
| 930 | _a1412 | ||
| 930 | _a1413 | ||
| 942 |
_2ddc _cBK |
||
| 999 |
_c131 _d131 |
||